000 00662nam a2200193Ia 4500
003 GCL
008 140319s9999 xx 000 0 ara d
040 _aGCL /
_cGCL
082 0 4 _a810.9
_bص ق
100 1 _aمجموعة من الاساتذة بالجامعة ال
245 1 0 _aقراءات فى النص الادبى /
_cمجموعة من الاساتذة بالجامعة ال
260 _a[S.N] :
_bصامد للنشر والتوزيع ،
_c1993
300 _a208 ص
490 _aنصوص وقراءات
_v0
650 0 4 _aالادب العربى
650 0 4 _aاللغة العربية
650 0 4 _aالبلاغة العربية
942 _2ddc
_cBK
999 _c55866
_d55866